书目信息 |
| 题名: |
既有住宅贴建小型化适老电梯设计图集
|
|
| 作者: | ;清华大学 , 建研 (北京) 抗震工程结构设计事务所公司 编著 | |
| 分册: | ||
| 出版信息: | 北京 中国建筑工业出版社 2021.07 |
|
| 页数: | 115页 | |
| 开本: | 19x26cm | |
| 丛书名: | ||
| 单 册: | ||
| 中图分类: | TU857-64 | |
| 科图分类: | ||
| 主题词: | 电梯--dian ti--建筑设计--图集 | |
| 电子资源: | ||
| ISBN: | 978-7-112-25554-2 | |
| 000 | 01301nam0 2200229 450 | |
| 001 | 29588 | |
| 005 | 20221106095824.12 | |
| 010 | @a978-7-112-25554-2@dCNY56.00 | |
| 100 | @a20211214d2021 em y0chiy50 ea | |
| 101 | 0 | @achi |
| 102 | @aCN@b110000 | |
| 105 | @aa z 000yy | |
| 200 | 1 | @a既有住宅贴建小型化适老电梯设计图集@Aji you zhu zhai tie jian xiao xing hua shi lao dian ti she ji tu ji@f清华大学建筑学院, 建研 (北京) 抗震工程结构设计事务所有限公司编著 |
| 210 | @a北京@c中国建筑工业出版社@d2021.07 | |
| 215 | @a115页@c图@d19x26cm | |
| 330 | @a本书是既有住宅建筑加装小型化适老电梯参考使用的图集, 内容包括不同方案示例的建筑设计图纸、结构设计图纸和机电设计图纸。本书还就重点细节部位的处理进行了详细的讲解, 内容涵盖基础和首层的基坑设计和井道防护板处理等 ; 标准层的原结构加固、楼梯室外乱线的处理、原厨房立面排烟处理等 ; 顶层和屋顶的檐口交接、控制柜的布置、井道顶盖设计等 ; 轿厢的极小化措施和适老化措施 ; 候梯厅的扶手、照明及其他辅助措施等。 | |
| 606 | 0 | @a电梯@Adian ti@x建筑设计@j图集 |
| 690 | @aTU857-64@v5 | |
| 711 | 02 | @a清华大学@Aqing hua da xue@b建筑学院@Bjian zhu xue yuan@4编著 |
| 711 | 02 | @a建研 (北京) 抗震工程结构设计事务所公司@Ajian yan ( bei jing ) kang zhen gong cheng jie gou she ji shi wu suo gong si@4编著 |
| 801 | 0 | @aCN@c20220910 |
| 905 | @a河南城建学院图书馆@dTU857-64@eQ625@f2 | |
| 既有住宅贴建小型化适老电梯设计图集/清华大学建筑学院, 建研 (北京) 抗震工程结构设计事务所有限公司编著.-北京:中国建筑工业出版社,2021.07 |
| 115页:图;19x26cm |
| ISBN 978-7-112-25554-2:CNY56.00 |
| 本书是既有住宅建筑加装小型化适老电梯参考使用的图集, 内容包括不同方案示例的建筑设计图纸、结构设计图纸和机电设计图纸。本书还就重点细节部位的处理进行了详细的讲解, 内容涵盖基础和首层的基坑设计和井道防护板处理等 ; 标准层的原结构加固、楼梯室外乱线的处理、原厨房立面排烟处理等 ; 顶层和屋顶的檐口交接、控制柜的布置、井道顶盖设计等 ; 轿厢的极小化措施和适老化措施 ; 候梯厅的扶手、照明及其他辅助措施等。 |
| ● |
| 相关链接 |
|
|
|
正题名:既有住宅贴建小型化适老电梯设计图集
索取号:TU857-64/Q625
 
预约/预借
| 序号 | 登录号 | 条形码 | 馆藏地/架位号 | 状态 | 备注 |
| 1 | 1583365 | 215833659 | 建筑库201/201建筑库 85排2列1层/ [索取号:TU857-64/Q625] | 在馆 | |
| 2 | 1583366 | 215833668 | 建筑库201/201建筑库 85排2列1层/ [索取号:TU857-64/Q625] | 在馆 |